OPAC Home

නව උසස් ගණකාධිකරණය (Record no. 13928)

MARC details
000 -LEADER
fixed length control field 00479nam a2200181Ia 4500
008 - FIXED-LENGTH DATA ELEMENTS--GENERAL INFORMATION
fixed length control field 180921t1980 xxu||||| |||| 00| 0 sin d
041 ## - LANGUAGE CODE
Language code of text/sound track or separate title Sinhala; Sinhalese
080 ## - UNIVERSAL DECIMAL CLASSIFICATION NUMBER
Universal Decimal Classification number 657
Item number MIR
942 ## - ADDED ENTRY ELEMENTS (KOHA)
Koha item type Books
003 - CONTROL NUMBER IDENTIFIER
control field LK-CoDNM
040 ## - CATALOGING SOURCE
Original cataloging agency LK-CoDNM
Modifying agency LK-CoDNM
Description conventions LK-CoDNM
100 ## - MAIN ENTRY--PERSONAL NAME
Personal name Miriyagalla, Karunarathna
245 ## - TITLE STATEMENT
Title නව උසස් ගණකාධිකරණය
246 ## - VARYING FORM OF TITLE
Title proper/short title nava usas ganakaadhikaranaya
260 ## - PUBLICATION, DISTRIBUTION, ETC. (IMPRINT)
Name of publisher, distributor, etc. Sampath
Date of publication, distribution, etc. 1980
300 ## - PHYSICAL DESCRIPTION
Extent 138p., 25 cm
650 ## - SUBJECT ADDED ENTRY--TOPICAL TERM
Topical term or geographic name as entry element Accounting
Holdings
Withdrawn status Lost status Damaged status Not for loan Collection code Permanent Location Current Location Date acquired Full call number Barcode Koha item type
        Science Library National Museum Colombo - Sri Lanka Library National Museum Colombo - Sri Lanka 2023-06-11 657 MIR 117886 Books
Copyright © 2023 Department of National Museum, Colombo 07, Sri Lanka Funded by UNESCO IFAP UNESCO